Lí luận giáo dục học Việt Nam

Một số quan niệm, thuật ngữ, cách tiếp cận giáo dục học ở Việt Nam. Sự hình thành và phát triển của lí luận giáo dục học Việt Nam theo cách tiếp cận lịch sử. Sự hình thành và phát triển của từng lĩnh vực lí luận giáo dục học Việt Nam theo cách tiếp cận chắc năng...

Cur síos iomlán

Đã lưu trong:
Sonraí Bibleagrafaíochta
Údair Eile: Nguyễn Thanh Bình (Tác giả), Ngô Thu Dung (Tác giả), Phan Thu Lạc (Tác giả), Nguyễn Hữu Chí (Tác giả), Nguyễn Thị Kim Dung (Tác giả)
Formáid: Leabhar
Teanga:Vietnamese
Foilsithe: H. Đại học Sư phạm 2005
Ábhair:
Clibeanna: Cuir Clib Leis
Gan Chlibeanna, Bí ar an gcéad duine leis an taifead seo a chlibeáil!
Thư viện lưu trữ: Mạng thư viện Đại học Đà Nẵng
LEADER 01648nam a2200385 4500
001 000006407
003 2562
005 20120524080524.0
008 110909s2005 viesd
020 |c 29000đ 
041 0 |a vie 
082 |a 370  |b Líl 
245 0 |a Lí luận giáo dục học Việt Nam  |c Nguyễn Thanh Bình (ch.b.), Nguyễn Thị Kim Dung, Ngô Thu Dung.. 
260 |a H.  |b Đại học Sư phạm  |c 2005 
300 |a 289 tr.  |c 19 cm. 
520 |a Một số quan niệm, thuật ngữ, cách tiếp cận giáo dục học ở Việt Nam. Sự hình thành và phát triển của lí luận giáo dục học Việt Nam theo cách tiếp cận lịch sử. Sự hình thành và phát triển của từng lĩnh vực lí luận giáo dục học Việt Nam theo cách tiếp cận chắc năng 
653 |a Lí luận 
653 |a Việt Nam 
653 |a Tài liệu tham khảo 
700 |a Nguyễn Thanh Bình  |e Tác giả 
700 |a Ngô Thu Dung  |e Tác giả 
700 |a Phan Thu Lạc  |e Tác giả 
700 |a Nguyễn Hữu Chí  |e Tác giả 
700 |a Nguyễn Thị Kim Dung  |e Tác giả 
910 |a Huỳnh Thị Cẩm Lai  |d 09/09/2011 
OWN |a LSP 
AVA |a UDN50  |b LSP  |d 370 Líl  |e available  |t Error 5001 Not defined in file expand_doc_bib_avail.  |f 10  |g 0  |h N  |i 0  |k 1 
999 |a From the UDN01 
AVA |a UDN50  |b LSP  |d 370 Líl  |e available  |t Error 5001 Not defined in file expand_doc_bib_avail.  |f 10  |g 0  |h N  |i 0  |k 1 
TYP |a Monograph 
TYP |a Printed language 
980 |a Mạng thư viện Đại học Đà Nẵng